logo

Bir Sreshtho Munshi Abdur Rouf Library
Jhenaidah Cadet College

Handbook of mathematical tables and formulas. (Record no. 4911)

MARC details
000 -LEADER
fixed length control field 00824cam a22002652 4500
001 - CONTROL NUMBER
JCCL Control Number 4911
003 - CONTROL NUMBER IDENTIFIER
JCCL marc code UkOxU
005 - DATE AND TIME OF LATEST TRANSACTION
control field 20171205163616.0
008 - FIXED-LENGTH DATA ELEMENTS--GENERAL INFORMATION
fixed length control field 720504s1965 nyua 000 0 eng
035 ## - SYSTEM CONTROL NUMBER
system control number BD-(JhCC) 4911
040 ## - CATALOGING SOURCE
Original cataloging agency DLC
Transcribing agency DLC
Modifying agency UKM
-- EQO
041 ## - LANGUAGE CODE
Language code of Book eng
050 0# - LIBRARY OF CONGRESS CALL NUMBER
Classification number QA47
Item number .B8 1965
082 ## - DEWEY DECIMAL CLASSIFICATION NUMBER
Classification number 510.83
DDC Edition number 510.83
Author mark and Year BUR 1965
100 1# - MAIN ENTRY--PERSONAL NAME
Personal name Burington, Richard Stevens,
Dates associated with a name 1901-
245 10 - TITLE STATEMENT
Title Handbook of mathematical tables and formulas.
250 ## - EDITION STATEMENT
Edition statement 4th ed.
260 ## - PUBLICATION, DISTRIBUTION, ETC. (IMPRINT)
Place of publication, distribution, etc New York :
Name of publisher, distributor, etc McGraw-Hill,
Date of publication, distribution, etc [c1965]
300 ## - PHYSICAL DESCRIPTION
Pagination xi, 423 p.
Other physical details illus.
Dimensions 21 cm.
500 ## - GENERAL NOTE
General note "A companion to the Handbook of probability and statistics with tables, by Richard S. Burington and Donald C. May."
650 #0 - SUBJECT ADDED ENTRY--TOPICAL TERM
Topical term or geographic name as entry element Mathematics
Form subdivision Tables.
740 01 -
Uncontrolled related/analytical title Mathematical tables and formulas.
942 ## - ADDED ENTRY ELEMENTS (KOHA)
Source of classification or shelving scheme Dewey Decimal Classification
Koha item type Books
Holdings
Source of classification or shelving scheme Damaged status Not for loan Home library Current library Shelving location Date of accession Total Checkouts Full call number Barcode Date last seen Copy number Koha item type
Dewey Decimal Classification     JCC Rouf Library JCC Rouf Library General Stacks 12/05/2017   510.83 BUR 1965 6888 12/05/2017 C - 1 Books

JCC Library | Contacts | JCC Home

Last Update on 23 September 2017
Copyright @ 2017-2020 JCC Rouf Library
Rouf Library, Jhenidah Cadet College (JCC), Bangladesh